Visualizzazione normale
Vista MARC
- Vangelis Papathanass
di Personal Name
Records bibliografici associati: 1
001 - CONTROL NUMBER
- control field: 14299
003 - CONTROL NUMBER IDENTIFIER
- control field: IT-RoPau
005 - DATE AND TIME OF LATEST TRANSACTION
- control field: 20140220120042.0
008 - FIXED-LENGTH DATA ELEMENTS
- fixed length control field: 140220|| aca||aabn | a|a d
040 ## - CATALOGING SOURCE
- Original cataloging agency: IT-RoPau
- Transcribing agency: IT-RoPau
100 ## - HEADING--PERSONAL NAME
- Personal name: Vangelis Papathanass
670 ## - SOURCE DATA FOUND
- Source citation: Work cat.: (IT-RoPau)98903: Vangelis Papathanass, Private Collection